<?xml version="1.0" encoding="UTF-8"?><?xml-stylesheet type="text/xsl" href="static/style.xsl"?><OAI-PMH xmlns="http://www.openarchives.org/OAI/2.0/" xmlns:xsi="http://www.w3.org/2001/XMLSchema-instance" xsi:schemaLocation="http://www.openarchives.org/OAI/2.0/ http://www.openarchives.org/OAI/2.0/OAI-PMH.xsd"><responseDate>2026-04-14T03:04:14Z</responseDate><request verb="GetRecord" identifier="oai:www.recercat.cat:10230/42547" metadataPrefix="marc">https://recercat.cat/oai/request</request><GetRecord><record><header><identifier>oai:recercat.cat:10230/42547</identifier><datestamp>2025-12-19T20:30:07Z</datestamp><setSpec>com_2072_6</setSpec><setSpec>col_2072_452954</setSpec></header><metadata><record xmlns="http://www.loc.gov/MARC21/slim" xmlns:dcterms="http://purl.org/dc/terms/" xmlns:xsi="http://www.w3.org/2001/XMLSchema-instance" xmlns:doc="http://www.lyncode.com/xoai" xsi:schemaLocation="http://www.loc.gov/MARC21/slim http://www.loc.gov/standards/marcxml/schema/MARC21slim.xsd">
   <leader>00925njm 22002777a 4500</leader>
   <datafield ind2=" " ind1=" " tag="042">
      <subfield code="a">dc</subfield>
   </datafield>
   <datafield ind2=" " ind1=" " tag="720">
      <subfield code="a">Phloyngam, Naphatthara</subfield>
      <subfield code="e">author</subfield>
   </datafield>
   <datafield ind2=" " ind1=" " tag="260">
      <subfield code="c">2019-10-29T11:01:42Z</subfield>
   </datafield>
   <datafield ind2=" " ind1=" " tag="260">
      <subfield code="c">2019-10-29T11:01:42Z</subfield>
   </datafield>
   <datafield ind2=" " ind1=" " tag="260">
      <subfield code="c">2019</subfield>
   </datafield>
   <datafield ind2=" " ind1=" " tag="520">
      <subfield code="a">Treball fi de màster de: Master in Intelligent Interactive Systems</subfield>
   </datafield>
   <datafield ind2=" " ind1=" " tag="520">
      <subfield code="a">Tutors: Karim Lekadir, Carlos Martín Isla</subfield>
   </datafield>
   <datafield ind2=" " ind1=" " tag="520">
      <subfield code="a">Identifying the correlations between radiomics and additional medical, health and&#xd;
lifestyle factors such as sex, age, BMI, etc. may help in discovering the significant&#xd;
hidden patterns of data and realizing the causes of the diseases. Also, knowing the&#xd;
risks in advance is a useful piece of supplementary information which may be used&#xd;
in addition to medical intervention resulting in preventative measures to reduce the&#xd;
level of risk or to control prescribed treatments.&#xd;
In the radiomics and the clinical outcomes datasets, it is hard to identify their correlations&#xd;
due to the complexity of data, computationally expensive and high number&#xd;
of possible combination among the choices. Therefore, data pre-processing to keep&#xd;
only the potential features and data cleaning to deal with missing or non-informative&#xd;
values are mandatory steps to perform. In addition, applying the powerful Machine&#xd;
Learning algorithms help to bring the results that even non-specialists in the field&#xd;
could discover and understand.&#xd;
This thesis facilitates the discovery of these correlations through the design and&#xd;
development of an intuitive and interactive web-based tool which dynamically displays&#xd;
the radiomic feature set alongside the additional medical, health and lifestyle&#xd;
factors feature set based on the contents of radiomics and clinical data files. The&#xd;
tool also provides a visualization of the correlation results in an easy to interpret&#xd;
and meaningful way allowing for effective exploration of any correlations in addition&#xd;
to cardiovascular risk score calculation.</subfield>
   </datafield>
   <datafield tag="653" ind2=" " ind1=" ">
      <subfield code="a">Imatges tridimensionals en biologia</subfield>
   </datafield>
   <datafield tag="653" ind2=" " ind1=" ">
      <subfield code="a">Sistema cardiovascular -- Malalties</subfield>
   </datafield>
   <datafield tag="653" ind2=" " ind1=" ">
      <subfield code="a">Aprenentatge automàtic</subfield>
   </datafield>
   <datafield tag="653" ind2=" " ind1=" ">
      <subfield code="a">Cardiovascular disease</subfield>
   </datafield>
   <datafield tag="653" ind2=" " ind1=" ">
      <subfield code="a">Radiomics</subfield>
   </datafield>
   <datafield tag="653" ind2=" " ind1=" ">
      <subfield code="a">Machine learning</subfield>
   </datafield>
   <datafield tag="653" ind2=" " ind1=" ">
      <subfield code="a">Visualization</subfield>
   </datafield>
   <datafield ind2="0" ind1="0" tag="245">
      <subfield code="a">A computational and visualisation tool for investigating associations between cardiac&#xd;
radiomics, risk factors and clinical data</subfield>
   </datafield>
</record></metadata></record></GetRecord></OAI-PMH>